Quizzes
Events
Quiz Creation
Community
Videos
Private Events
Remove Ads
Sign In
Join for FREE
Feedback
Dark Mode
Quiz Categories
Sports
Geography
Music
Movies
Television
Just For Fun
Miscellaneous
History
Literature
Language
Science
Gaming
Entertainment
Religion
Holiday
For Kids
Quiz Lab
Recent
Popular Today
Quiz Kudos Today
Editor Picks
Curator Picks
Quizzes by...
Day
Popularity
Type
Ratings
Length
Year
Community
Subscriptions
Recent Discussions
Orange Saloon
Badges
Playlists
Quests
Create
Leaderboards
Showdown
Live 5
Trivia Bingo
Activity
Puzzle Library
Sporcle Events
Private Events
Virtual Trivia
Globe League
Become a Host
Pub Owners
SporcleCon
Opinionation
Our Games
Videos
Blog
Mobile Apps
Partnerships
Remove Ads and Go Orange
Feedback
Sports
Athletes
MLB
NBA
NHL
NFL
Soccer
Sports Teams
WWE
NCAA
Football
Premier League
Basketball
Baseball
Hockey
Golf
Tennis
Cricket
Rugby
Auto Racing
Olympics
World Cup
Sports
Athletes
MLB
NBA
NHL
NFL
Soccer
Sports Teams
WWE
NCAA
Football
Premier League
Basketball
Baseball
Hockey
Golf
Tennis
Cricket
Rugby
Auto Racing
Olympics
World Cup
Random Quiz
Search Sporcle
×
Quiz Lab
Quiz Lab
Sports
spock
Type in answers that appear in a list
Type in answers that appear in a list
Classic
Best Score? Go Orange.
Div. 1 Colleges D,E,F Stats
Can you name the Div. 1 Colleges D,E,F?
By
24cabfan
4m
30 Questions
43 Plays
43 Plays
43 Plays
Comments
Comments
Give Quiz Kudos
Give Quiz Kudos
-
- Ratings
hide this ad
Replay
Link that replays current quiz
Next Quiz
Link to next quiz in quiz playlist
You Got
0%
They Got
Avg Score
69%
Avg Friend Score
Upgrade to see
Score Distribution
Jump to the score distribution portion of the page
Score
0/30
Timer
04:00
0
Plays Today
College
Nickname
% Correct
Duke
Blue Devils
100%
Florida St.
Seminoles
95.3%
Dayton
Flyers
93%
Florida
Gators
93%
ECU
Pirates
90.7%
Depaul
Blue Demons
88.4%
Delaware
Blue Hens
86%
Drake
Bulldogs
83.7%
Eastern Michigan
Eagles
83.7%
Eastern Washington
Eagles
83.7%
Fresno St.
Bulldogs
83.7%
Davidson
Wildcats
72.1%
Florida A&M
Rattlers
72.1%
FAU
Owls
69.8%
Darthmouth
Big Green
67.4%
College
Nickname
% Correct
Drexel
Dragons
67.4%
Fordham
Rams
67.4%
Eastern Illinois
Panthers
65.1%
Duquesne
Dukes
60.5%
Delaware St.
Hornets
58.1%
Detroit
Titans
58.1%
Evansville
Aces
55.8%
FIU
Golden Panthers
55.8%
Furman
Paladins
53.5%
Denver
Pioneers
51.2%
Elon
Phoenix
48.8%
Fairfield
Stags
48.8%
ETSU
Buccaneers
39.5%
Eastern Kentucky
Colonels
39.5%
Fairleigh Dickson
Knights
39.5%
Quiz Playlist
Details
Report
Send in Message
Add To Playlist
Classic:
Type in answers that appear in a list
Last Updated: Feb 16, 2017
Quiz Scoreboard
CHALLENGE
Sign Up to Join the Scoreboard
Show All
Scores
Hide
Comments
May contain spoilers
Recently Published
One Thing in Common: World Cities II
by knightlancer
Geography
7m
Popular People in 1961
by mucciniale
History
6m
1-10 Letter E Words III
by El_Dandy
Language
2m
More to Explore
Quiz From the Vault
Featured Blog Post
Where Did the Easter Bunny Come From?
hide this ad
You Might Also Like...
Tags
D-I
D-I Basketball
HR Hitters
NCAA Basketball
NCAA Football
spock
Today's Top Quizzes in Sports
Browse Sports
hide this ad
Top Contributed Quizzes in Sports
1
Les meilleurs buteurs des matchs entre le PSG et l’OM
2
Les entraîneurs de l'OM et du PSG au 21e siècle
3
2022 World Cup Stars
4
FIFA Club World Cup Champions
5
Name the Premier League winners with different clubs
6
La finale Lions - Afrique du Sud 2021
7
Criteria MLB: Left Handed Sluggers
8
Players with Multiple 50 Home Run Seasons
9
MLB Players with Two .350 Batting Average Seasons
10
MLB Hall of Famer by Rings
Explore More
Trending Topics
Harry Potter
Anime
Crossword
Marvel
Disney
NBA
Kpop
The Office
Soccer
Pokémon
NFL
Country
WWE
Song
Puzzle
hide this ad
More By:
24cabfan
Quiz
Plays
Rating
Category
Featured
Created
Mario Kart Wii Characters
49,223
4.69
Gaming
Mar 7, 2015
Big 4 Logos of the 1990s
42,182
4.28
Sports
Mar 31, 2020
Big 4 Logos of the 1980s
32,942
4.53
Sports
Mar 30, 2020
Big 4 Logos of the 1970s
32,862
4.70
Sports
Mar 27, 2020
Big 4 Logos of the 2000s
27,433
4.46
Sports
Apr 9, 2020
Go to Creator's Profile
Score Distribution
Quiz Creator Spotlight
24cabfan
Follow
Send a Message
Quizzes Created
-
Created Quiz Play Count
-
More By This Creator
Popular Quizzes Today
1
Find the US States - No Outlines Minefield
2
The Countries of the World
3
Popular People in 1961
4
Find the Countries of Europe - No Outlines Minefield
5
1-10 Letter E Words III
6
Find the US States
7
One Thing in Common: World Cities II
8
US States
More Sports Quizzes
Sport by Numbers III
Published
Trending Quizzes
1-10 Letter F Words
1-10 Letter G Words
Risky Map Clicking: Next State Alphabetically
1-10 Letter F Words II
Risky Map Clicking: States by Unique Starting Letters
Recently Updated
Leaping Animals
pecheneg
Reality TV Shows (A-Z)
bhenderson79
Rickey Henderson's Hall of Fame Teammates
pecheneg
Champions League XIs: Arsenal
pecheneg
Quick Pick: Celebrities in WWE's Hall of Fame
aduchscher
A-Z Keypad Blitz II
pecheneg
Multiple Oscar Actors
pecheneg
Mystery Phrase Blitz: Oscar 'Best Actors'
pecheneg
F. Scott Fitzgerald Novels
LTH
Pick 3 Villains
ddd62291
Trending Topics
Kpop
Marvel
Anime
Crossword
NBA
Harry Potter
Disney
NFL
Song
Soccer
WWE
Country
Puzzle
The Office
Pokémon
Your Account Isn't Verified!
In order to create a playlist on Sporcle, you need to verify the email address you used during registration. Go to your
Sporcle Settings
to finish the process.
Report this User
Report this user for behavior that violates our
Community Guidelines
.
Details:
Send Report
Go to the Sporcle.com Mobile Site →
Comments